An enemy called average (Record no. 17371)

000 -LEADER
fixed length control field 00583nam a2200217 a 4500
001 - CONTROL NUMBER
control field :::00021303$&:&@@
003 - CONTROL NUMBER IDENTIFIER
control field OkBaRHE
005 - DATE AND TIME OF LATEST TRANSACTION
control field 20090408120631.0
008 - FIXED-LENGTH DATA ELEMENTS--GENERAL INFORMATION
fixed length control field s1990 j 000 0 eng u
020 ## - INTERNATIONAL STANDARD BOOK NUMBER
International Standard Book Number 089274765x
040 ## - CATALOGING SOURCE
Transcribing agency
100 1# - MAIN ENTRY--PERSONAL NAME
Personal name Mason, John L.
245 13 - TITLE STATEMENT
Title An enemy called average
250 ## - EDITION STATEMENT
Edition statement 7th Printing
260 ## - PUBLICATION, DISTRIBUTION, ETC. (IMPRINT)
Place of publication, distribution, etc Tulsa,OK
Name of publisher, distributor, etc Harrison House
Date of publication, distribution, etc c1990
300 ## - PHYSICAL DESCRIPTION
Extent 123p
650 ## - SUBJECT ADDED ENTRY--TOPICAL TERM
Topical term or geographic name as entry element Christian living
650 ## - SUBJECT ADDED ENTRY--TOPICAL TERM
Topical term or geographic name as entry element Sucess
942 ## - ADDED ENTRY ELEMENTS (KOHA)
Source of classification or shelving scheme
Koha item type Books
Copies
Withdrawn status Shelving location Koha item type Barcode Permanent Location Lost status Price effective from Full call number Damaged status Source of classification or shelving scheme Date acquired Date last seen Copy number Not for loan
 General StacksBooks21303RHEMA Bible Training College 2010-04-14BV 4501 .M3  2010-04-142010-04-141